Kobe Bryant Quiz - Statistics

General Stats
  • This quiz has been taken 357 times
  • The average score is 6 of 15
Answer Stats
Answer % Correct
How many championship did Kobe win in his career? 5
76%
What team has he played for his entire carreer? Los Angeles Lakers
75%
What overall pick was he in the NBA draft? 13
71%
What year was Kobe drafted? 1996
68%
How many points did Kobe score in his last game ever? 60
61%
What team drafted him? Charlotte Hornets
60%
Who coached Kobe during all of his championship victories? Phil Jackson
50%
What numbers has he worn in the NBA? 24, 8
47%
Who did Kobe play in his last game ever? Utah Jazz
43%
What is Kobe's wife's name? Vanessa Bryant
30%
What high school did Kobe play for, and what was his number in high school? Lower Merion, 33
20%
Who played with Kobe and coached him during his career? Byron Scott
13%
What is Kobe's dog's name? Crucio
8%
What team did Kobe and the Lakers sweep in 2009 NBA finals? The Orlando Magic
2%
What are Kobe's two daughters names? Gianna and Natalia Bryant
1%
No matching quizzes found
Score Distribution
Percent of People with Each Score
Percentile by Number Answered
Your Score History
You have not taken this quiz